00458cam a2200169ua 45000010005000000080039000050200018000440400009000620820010000711000031000812450062001122500010001742600031001843000017002156530014002326530042002462234110805n ii |||gr||||Z||||||asm a81-85905-38-X cMAIN a370.1 aSharma, Hemkanta,eAuthor.1 aShiksha tattva aru shiksha monobigyancby Hemkanta Sharma a11th. aGuahati:bStudents stores. a207p:c23cm. aEducation aShiksha tattva aru shiksha monobigyan